00610nam a2200205Ia 450000500170000000800460001703700110006304000080007404000080008204000080009004100080009804100080010608400080011410000440012224501400016626000090030630000100031565000120032570000670033720260430150152.0008 250103s9999 xx 000 0 eng d aTheses aCRL beng ceng 2eng aeng qCRL aNagar Shekhar Au.; Negi Ram Krishan Gu. 0aExploring the microbial diversity and functional dynamics of a meso-thermic himalayan hot spring khirganga, India using (meta) genomics c2022 a166p. aZoology aUniversity of Delhi. Faculty of Science. Department of Zoology